000 00612nam a22001577a 4500
003 OSt
005 20151104111115.0
008 151104b xxu||||| |||| 00| 0 eng d
040 _cRUA
082 _aFOR KAN 1996 B122 Or.1
100 _93334
_aKANG, BUNTHERO.
245 _aContribution towards the study of monographie of aquilaria crassna in pursat province (វិភាគទានលើការសិក្សារឈើខ្លឺមចន្ទ័គ្រឺស្នាខេត្តពោធន៏សាត់)
260 _aPhnom Penh
_bRUA
_c1996
300 _a67p.
_bill.
_c29cm.
942 _2ddc
_cFOR
999 _c3110
_d3110